Tabelle der Bundesliga am 08.09.2022 - Statistiken

Allgemein
  • Dieses Quiz wurde 108 mal gespielt
  • Das Durchschnittsergebnis liegt bei 15 aus 18
Antwortstatistiken
# Verein % Korrekt
3 FC Bayern München
99%
2 Borussia Dortmund
97%
4 Union Berlin
96%
1 SC Freiburg
92%
13 Hertha BSC
84%
14 Bayer 04 Leverkusen
83%
18 VfL Bochum
83%
5 FSV Mainz 05
81%
6 1.FC Köln
79%
10 Eintracht Frankfurt
79%
15 FC Schalke 04
79%
11 RB Leipzig
78%
8 Werder Bremen
78%
7 TSG Hoffenheim
75%
16 FC Augsburg
74%
17 VfL Wolfsburg
73%
12 VfB Stuttgart
70%
9 Borussia Mönchengladbach
69%
Keine übereinstimmenden Quizze gefunden
Verteilung der Resultate
Anzahl Personen mit jedem Resultat
Perzentil nach korrekt beantworteten Fragen
Ihre Resultats-Entwicklung
Sie haben dieses Quiz noch nicht gespielt